| 000 | 00335nam a2200121Ia 4500 | ||
|---|---|---|---|
| 008 | 250110s9999 xx 000 0 und d | ||
| 041 | _aeng | ||
| 100 |
_aGaikwad Manali _9182614 |
||
| 245 | _aSustainable Vertical Living | ||
| 260 |
_bFinal Year B.Arch ID, Pune _c2014 |
||
| 300 | _a108p | ||
| 700 |
_aGuide Name:Chipalkatti Uday _9210289 |
||
| 999 |
_c363481 _d363481 |
||